00689nam a22002057a 45000050016000000080041000160100015000570200026000720200023000980350013001210370015001340400013001490820010001621000017001722450149001892600049003382700044003873000033004317000019004642011030108118.0110301t xxu||||| |||| 00| 0 eng d aENG-102071 a9780070708372c215.00 a0070708371c215.00 aEN-85604 bDBAD / PUB adplbEng a621.3 aMittle, V.N. aBasic electrical and electronics engineering :cby V.N. Mittle [and] Arvind MittalbBE 104 Bachelor of Engineering (common to all disciplines) / aNew DelhibTata McGraw-Hill Publishingc2011 a7, West Patel NagarbNew Delhie110 008 aVarious pagingsc23 cm (pbk) aMittal, Arvind